Normal view
MARC view
Entry Personal Name
001 - CONTROL NUMBER
- control field: 46195
003 - CONTROL NUMBER IDENTIFIER
- control field: OSt
005 - DATE AND TIME OF LATEST TRANSACTION
- control field: 20240614155519.0
008 - FIXED-LENGTH DATA ELEMENTS
- fixed length control field: 240614|| aca||aabn | a|a d
040 ## - CATALOGING SOURCE
- Original cataloging agency: OSt
- Transcribing agency: OSt
100 ## - HEADING--PERSONAL NAME
- Personal name: Qazi, Mudasir Ahmad and Parray,Fayaz Ahmad
670 ## - SOURCE DATA FOUND
- Source citation: Work cat.: (OSt)524127: Qazi, Mudasir Ahmad and Parray,Fayaz Ahmad , Good governance: A new tool of sustainable peace in Jammu and Kashmir
